Verdad y método.
Salvato in:
| Autore principale: | |
|---|---|
| Natura: | Libro |
| Lingua: | spagnolo |
| Pubblicazione: |
Salamanca
Sígueme
2003
|
| Edizione: | 10a. ed |
| Serie: | Hermeneia, 34
|
| Soggetti: | |
| Tags: |
Aggiungi Tag
Nessun Tag, puoi essere il primo ad aggiungerne!!
|
MARC
| LEADER | 00000nam a2200000 a 4500 | ||
|---|---|---|---|
| 001 | UCL7716 | ||
| 003 | CL-VaPUC | ||
| 005 | 20240130100627.0 | ||
| 008 | 040528e20030000SP |||||||||||||||||spa|d | ||
| 999 | |c 309340 |d 309338 | ||
| 020 | |a 8430112707 | ||
| 020 | |a 8430104631v.1 | ||
| 040 | |c Pontificia Universidad Católica de Valparaíso | ||
| 082 | 0 | 4 | |a 121.68 |b GAD |2 21 |
| 100 | 0 | |a Gadamer, Hans-Georg |e author |9 373562 | |
| 245 | 1 | 0 | |a Verdad y método. |
| 250 | |a 10a. ed | ||
| 260 | |a Salamanca |b Sígueme |c 2003 | ||
| 300 | |a v | ||
| 490 | 0 | |a Hermeneia, 34 | |
| 583 | |a last modification |c 20040528 00:00:00 |k Rodrigo Vera | ||
| 650 | 0 | |a Hermenéutica |9 269473 | |
| 650 | 0 | |a Estética |9 264950 | |
| 650 | 0 | |a Filosofía del arte |9 264951 | |
| 650 | 0 | |a Ontología |9 256850 | |
| 650 | 0 | |a Lenguaje |9 265069 | |
| 942 | |c BK |2 ddc | ||
| 945 | |d 20040528 00:00:00 |a cmena | ||
| 952 | |0 0 |1 0 |4 0 |6 121_680000000000000_GAD_2003 |7 0 |8 R |9 376766 |a BIBGIM |b BIBGIM |d 2019-11-21 |h v.1 |i 4019245 |o 121.68 GAD 2003 |p 4019245 |r 2025-01-15 |w 2019-11-21 |y BK_R |k SSL | ||